Chiamami col tuo nome : [romanzo] /
Gardado en:
| Autor Principal: | |
|---|---|
| Outros autores: | |
| Formato: | Libro |
| Idioma: | Lingua italiana |
| Publicado: |
Milano :
Guanda,
2021
|
| Edición: | 16. ed |
| Series: | Tascabili Guanda. Narrativa
|
| Tags: |
Sen Etiquetas, Sexa o primeiro en etiquetar este rexistro!
|
MARC
| LEADER | 00000nam a22000007i 4500 | ||
|---|---|---|---|
| 001 | IT\ICCU\RL1\0069116 | ||
| 003 | ItRI | ||
| 005 | 20231218101038.0 | ||
| 008 | 210528s2021 it |||||| ||||| |||||c | ||
| 020 | |a 9788823524163 | ||
| 040 | |b ita |c C | ||
| 041 | 7 | |a ita |2 ISO-639-2 | |
| 100 | 1 | |a Aciman, André |0 IT\ICCU\TO0V\384200 | |
| 240 | 1 | 0 | |a Call me by your name |9 Aciman, André |
| 245 | 1 | 0 | |a Chiamami col tuo nome : |b [romanzo] / |c André Aciman ; traduzione di Valeria Bastia. |
| 250 | |a 16. ed | ||
| 260 | |a Milano : |b Guanda, |c 2021 | ||
| 300 | |a 271 p. ; |c 21 cm | ||
| 700 | 1 | |a Bastia, Valeria |0 IT\ICCU\RAVV\398407 |4 trl | |
| 830 | 0 | |a Tascabili Guanda. Narrativa |0 IT\ICCU\ARE\0000319 | |
| 942 | |2 ddc |c BK | ||
| 952 | |0 0 |1 0 |2 ddc |4 0 |6 813_600000000000000_ACI_CHI |7 1 |9 427 |a GE |b GE |d 2023-12-15 |l 0 |o 813.6 ACI CHI |p 3821 |r 2023-12-15 13:40:52 |w 2023-12-15 |y BK | ||
| 981 | 1 | |6 z01 |a i |b xxxe | |
| 982 | 1 | |6 z01 |a n | |
| 999 | |c 390 |d 390 | ||